| 000 | 00691nam a2200229 i 4500 | ||
|---|---|---|---|
| 001 | bgj | ||
| 100 | 1 | _aSMITH, Barry M. | |
| 245 | 1 | 0 |
_aPowereading : _bbook 2 : building vocabulary power / _cBarry M. Smith ; Edward Spargo ; Betty Hamilton Pryce. |
| 250 | _a[Repr.]. | ||
| 260 |
_aProvidence, RI : _bP.A.R Incorporated, _c1985. |
||
| 300 |
_a144 pp ; _c28 cm. |
||
| 650 | 9 |
_aEnglish language _xReading |
|
| 655 | _aTextbooks for foreigners | ||
| 700 | 1 |
_aSPARGO, Edward. _eco-author |
|
| 700 | 1 |
_aPRYCE, Betty Hamilton. _eco-author |
|
| 020 | _a0897020324 | ||
| 040 | _cBPK | ||
| 041 | 0 | _aeng | |
| 920 | _a0-89702-032-4 | ||
| 942 | _cKS | ||
| 008 | s uk f |000 0 eng | ||
| 999 |
_c47723 _d47723 |
||
| 856 |
_uhttp://koha.tu.koszalin.pl/cgi-bin/koha/opac-detail.pl?biblionumber=47723 _yKatalog online BPK |
||